1414 1101 1003 1667 1058 1937 1550 1883 1705 1336 1383 1534 1733 1779 1404 1021 1668 1294 1676 1458 1831 1732 1765 1887 1186 1911 2000 1806 1041 1905 1154 1263 1048 1494 1519 1459 1346 1730 1805 1579 1839 1561 1936 1571 1952 1421 1401 1930 1241 1174 1375 1109 1823 1832 1455 1618 1901 1132 1546 1813 1178 1605 1918 1029 1958 1921 1836 1054 1870 1285 1296 1619 1083 1032 1454 1128 1078 1212 1267 1156 1445 1558 1107 1940 1497 1301 1129 1991 1670 1842 1869 1757 1703 1944 1210 1195 1177 1937 1365 BCNSPRNW ULIB Ver.6.0+V

เปลี่ยนเป็นภาษาไทย

Change to English
 แสดงรายละเอียดบรรณานุกรม
  กลับหน้าหลัก

Brief Record : Get Marc (ISO 2709) : E-mail record : QR code < ปิดหน้าต่าง
LEADER : 00000nam 2200000uu 4500
001    13399113688
003     ULIB
008    111215s||||||||th 000 0 tha d
020    ^a9786167243016
090    ^aนว.^bอ565ส 2553
100 0  อัมราน
245 00 สุดผืนทรายปรายแสงดาว/^cอัมราน
250    ^aพิมพ์ครั้งที่ 1
260    ^aกรุงเทพฯ :^bอักษรศาสตร์,^c2553
300    478 หน้า
710 1  อักษรศาสตร์
945    ^p289^l0^i028022
995    ทศพร
999 ^a ทศพร
รายการนี้ยังไม่มีแท็ก
คุณยังไม่ได้ล็อกอิน คุณสามารถมีกิจกรรมร่วมกับเว็บไซต์ได้ แต่ต้องล็อกอินก่อน ::
  ล็อกอิน

รายการสื่อสารสนเทศ

ลำดับที่ ประเภท เลขเรียก/บาร์โค้ด สถานที่ สถานะ
1. นวนิยาย
นวนิยาย
นว. อ565ส 2553 ฉ.1 
  Barcode: 028022
ห้องสมุดวิทยาเขตสวรรค์ประชารักษ์
►นวนิยาย
บนชั้น
  ขอยืม

BibComment


ยังไม่เคยถูกคอมเมนท์

คอมเมนท์ทรัพยากรรายการนี้
  คอมเมนท์: สุดผืนทรายปรายแสง..


 Copyright 2026. Bcnsprnw @Library